[Event "Quebec-ch U14"]
[Site "Montreal CAN"]
[Date "2003.03.09"]
[Round "6"]
[White "Ye, Ling Feng"]
[Black "Rodriguez, Aaron"]
[Result "0-1"]
[WhiteElo "1649"]
[BlackElo "1796"]
[PlyCount "224"]
[EventDate "2003.03.07"]
[EventType "tourn"]
[EventRounds "6"]
[EventCountry "CAN"]

1. e4 c5 2. Nf3 e6 3. d4 cxd4 4. Nxd4 Nf6 5. Nc3 d6 6. Be3 a6 7. Be2 Be7 8. O-O
O-O 9. f3 Nc6 10. a4 Qc7 11. Kh1 Bd7 12. Rf2 Rfe8 13. Bf1 Ne5 14. Rd2 b6 15.
Qe1 Qb7 16. Qg3 Ng6 17. Rad1 Rad8 18. Nb3 Bc6 19. Nd4 Bd7 20. Bd3 Bf8 21. Qf2
Rb8 22. Qf1 Ra8 23. h3 d5 24. Bg1 Bd6 25. Bh2 Bxh2 26. Kxh2 Qc7+ 27. Kg1 Bc8
28. Nde2 Bb7 29. exd5 Bxd5 30. Nxd5 Nxd5 31. Qf2 Ne5 32. Qd4 Nf6 33. Qh4 Nxd3
34. cxd3 Nd5 35. Qe4 Nf6 36. Qh4 Rad8 37. Qc4 Qa7 38. Kh1 Nd5 39. Qe4 b5 40.
Nc3 Nf6 41. Qe5 b4 42. Ne4 Nd5 43. Rc1 h6 44. Ng3 Nf6 45. Rc4 Rc8 46. Rdc2 Rxc4
47. dxc4 Rd8 48. Qe2 Qb8 49. Nf1 Nh5 50. c5 a5 51. c6 Qc7 52. Qa6 Rd1 53. Rf2
Rc1 54. Qb5 Ng3+ 55. Kg1 Nxf1 56. Rxf1 Rxc6 57. Rd1 Qb6+ 58. Qxb6 Rxb6 59. Rd8+
Kh7 60. Ra8 Rc6 61. Rxa5 Rc2 62. b3 Rb2 63. Rb5 Rxb3 64. a5 Rb1+ 65. Kh2 b3 66.
a6 Ra1 67. Rxb3 Rxa6 68. Rb7 Kg6 69. Kg3 Ra4 70. Rb5 f5 71. Re5 Kf6 72. Rb5 g5
73. Rb2 h5 74. Rd2 Ra3 75. Kf2 h4 76. Re2 Ra4 77. Rb2 g4 78. hxg4 fxg4 79. fxg4
Rxg4 80. Rb5 e5 81. Rb8 Kf5 82. Rf8+ Ke4 83. Rd8 Rg6 84. Ra8 Rf6+ 85. Ke2 Kf4
86. Rg8 Ra6 87. Kf2 Ra2+ 88. Ke1 Ke3 89. Kd1 e4 90. Rg4 Ra1+ 91. Kc2 Rh1 92.
Kc3 Rh2 93. Kc4 Rh1 94. Kd5 Rd1+ 95. Ke5 Rd4 96. Rxh4 Ra4 97. Rh3+ Kf2 98. g4
e3 99. g5 Rg4 100. Kf5 Rg2 101. Rh1 e2 102. g6 Ke3 103. Kf6 Rf2+ 104. Kg7 Rf1
105. Rh3+ Kd4 106. Rh4+ Kd5 107. Rh5+ Kd6 108. Kh8 e1=Q 109. g7 Qe8+ 110. g8=Q
Qxh5+ 111. Qh7 Rf8+ 112. Kg7 Rf7+ 0-1

[Event "Quebec-ch U16"]
[Site "Montreal CAN"]
[Date "2003.03.07"]
[Round "1"]
[White "Lemire-Paquin, Alexandre"]
[Black "Masaidov, Ibrahim"]
[Result "0-1"]
[WhiteElo "1651"]
[BlackElo "1432"]
[PlyCount "114"]
[EventDate "2003.03.07"]
[EventType "swiss"]
[EventRounds "5"]
[EventCountry "CAN"]

1. e4 e5 2. Nf3 Nc6 3. Bb5 a6 4. Ba4 Nf6 5. O-O Be7 6. Re1 b5 7. Bb3 d6 8. c3
O-O 9. h3 Na5 10. Bc2 c5 11. d4 Qc7 12. Nbd2 Bd7 13. d5 Rfe8 14. Nf1 Bf8 15.
Bg5 Qd8 16. g4 g6 17. Qc1 Bg7 18. Ng3 Nb7 19. Kg2 a5 20. Rg1 c4 21. Kf1 b4 22.
Bh6 Bh8 23. Qe3 Nc5 24. Nf5 Bb5 25. Ne1 b3 26. Bb1 Na4 27. axb3 Nxb2 28. Qe2
Nd3 29. Nxd3 cxd3 30. Bxd3 Bxd3 31. Qxd3 Qc7 32. Ne3 Reb8 33. Rb1 Nd7 34. Qc4
Qd8 35. Nf5 Nf6 36. Qd3 Ne8 37. Qg3 a4 38. b4 Qc7 39. Kg2 f6 40. Nh4 Qc4 41.
Qf3 a3 42. Bd2 Nc7 43. Kg3 Nb5 44. Ng2 Qa2 45. Qd3 Bg7 46. Be3 Rb7 47. c4 Nd4
48. Bxd4 exd4 49. Rgd1 Rc8 50. Rdc1 f5 51. exf5 gxf5 52. Nf4 fxg4 53. hxg4 Be5
54. Ra1 Bxf4+ 55. Kxf4 Qxf2+ 56. Kg5 Rg7+ 57. Kh5 Qh2+ 0-1

[Event "Quebec-ch U16"]
[Site "Montreal CAN"]
[Date "2003.03.07"]
[Round "1"]
[White "Obartel, Jacques"]
[Black "Malek, Omid"]
[Result "1-0"]
[WhiteElo "1615"]
[BlackElo "1641"]
[PlyCount "89"]
[EventDate "2003.03.07"]
[EventType "swiss"]
[EventRounds "5"]
[EventCountry "CAN"]

1. e4 c6 2. d4 d5 3. e5 Bf5 4. Nc3 e6 5. g4 Bg6 6. Nge2 c5 7. h4 cxd4 8. Nxd4
h5 9. Bb5+ Nd7 10. g5 a6 11. Bxd7+ Qxd7 12. a3 Bc5 13. Be3 Rc8 14. Nce2 Ne7 15.
c3 b5 16. Qd2 Qc7 17. f4 Rb8 18. b4 Bxd4 19. Bxd4 Be4 20. Rh2 Nf5 21. Bc5 Qc6
22. Nd4 Nxd4 23. cxd4 Kd7 24. Qe3 Rhc8 25. Rha2 Ra8 26. Qe2 g6 27. a4 Rcb8 28.
Kd2 Bf5 29. Qf1 Be4 30. Bd6 Rc8 31. Bc5 Rcb8 32. Ra3 Bf5 33. R1a2 Be4 34. Rc3
Rc8 35. Qa1 Qb7 36. axb5 axb5 37. Rca3 Ra4 38. Rxa4 bxa4 39. Rxa4 Qb5 40. Qa3
Rc7 41. Ra5 Qc6 42. b5 Qb7 43. b6 Qb8 44. bxc7 Qb1 45. c8=Q+ 1-0

[Event "Quebec-ch U16"]
[Site "Montreal CAN"]
[Date "2003.03.08"]
[Round "2"]
[White "Lemire-Paquin, Alexandre"]
[Black "Obartel, Jacques"]
[Result "1-0"]
[WhiteElo "1651"]
[BlackElo "1615"]
[PlyCount "127"]
[EventDate "2003.03.07"]
[EventType "swiss"]
[EventRounds "5"]
[EventCountry "CAN"]

1. Nf3 d5 2. g3 Nf6 3. Bg2 e6 4. O-O c5 5. c4 b6 6. cxd5 exd5 7. d4 Be7 8. Nc3
O-O 9. dxc5 bxc5 10. Ne5 Bb7 11. Qb3 Nbd7 12. Qxb7 Nxe5 13. Nxd5 Nxd5 14. Qxd5
Qxd5 15. Bxd5 Rad8 16. e4 Nd7 17. Be3 Bf6 18. Rab1 Bd4 19. Bxd4 cxd4 20. Rfd1
Rfe8 21. Rxd4 Ne5 22. Kg2 Kf8 23. Rbd1 Rb8 24. b3 Rec8 25. f4 Ng4 26. R4d3 Rc2+
27. R1d2 Rbc8 28. h3 Rxd2+ 29. Rxd2 Rc2 30. Rxc2 Ne3+ 31. Kf2 Nxc2 32. Ke2 Ke7
33. Bc4 f6 34. Kd2 Nb4 35. a3 Nc6 36. Kd3 Kd6 37. Bb5 Na5 38. b4 Nb7 39. Kd4 h6
40. e5+ fxe5+ 41. fxe5+ Ke6 42. Bc4+ Ke7 43. a4 a5 44. bxa5 Nxa5 45. Bd5 Kd7
46. Kc5 g5 47. Kb5 Nc6 48. Bxc6+ Ke6 49. a5 Kxe5 50. a6 h5 51. a7 h4 52. gxh4
gxh4 53. a8=Q Kf4 54. Qg8 Ke5 55. Qg4 Kf6 56. Qh5 Kg7 57. Kc5 Kf6 58. Kd5 Ke7
59. Qg6 Kf8 60. Qf6+ Kg8 61. Qe7 Kh8 62. Ke5 Kg8 63. Kf6 Kh8 64. Qg7# 1-0

[Event "Quebec-ch U16"]
[Site "Montreal CAN"]
[Date "2003.03.08"]
[Round "2"]
[White "Masaidov, Ibrahim"]
[Black "Malek, Omid"]
[Result "0-1"]
[WhiteElo "1432"]
[BlackElo "1641"]
[PlyCount "60"]
[EventDate "2003.03.07"]
[EventType "swiss"]
[EventRounds "5"]
[EventCountry "CAN"]

1. e4 c6 2. d4 d5 3. Nc3 dxe4 4. Nxe4 Bf5 5. Ng3 Bg6 6. Nf3 Nd7 7. h4 h6 8. h5
Bh7 9. Bd3 Bxd3 10. Qxd3 Ngf6 11. O-O Qc7 12. Re1 O-O-O 13. c3 e6 14. Qe2 Bd6
15. Ne5 Rhf8 16. c4 c5 17. Nxd7 Rxd7 18. dxc5 Bxg3 19. fxg3 Qxc5+ 20. Be3 Qxh5
21. Bxa7 Ng4 22. Rac1 Qh2+ 23. Kf1 Qh1+ 24. Bg1 f5 25. Qxe6 f4 26. Qxg4 fxg3+
27. Ke2 Qxg2+ 28. Ke3 Qd2+ 29. Ke4 h5 30. Rcd1 Qc2+ 0-1

[Event "Quebec-ch U16"]
[Site "Montreal CAN"]
[Date "2003.03.08"]
[Round "3"]
[White "Malek, Omid"]
[Black "Lemire-Paquin, Alexandre"]
[Result "0-1"]
[WhiteElo "1641"]
[BlackElo "1651"]
[PlyCount "80"]
[EventDate "2003.03.07"]
[EventType "swiss"]
[EventRounds "5"]
[EventCountry "CAN"]

1. e4 c5 2. Nf3 d6 3. d4 cxd4 4. Nxd4 Nf6 5. Nc3 g6 6. Be3 Bg7 7. f3 O-O 8. Qd2
Nc6 9. g4 Bd7 10. O-O-O Rc8 11. h4 Ne5 12. h5 Nxf3 13. Nxf3 Bxg4 14. Be2 Bxh5
15. Nd4 Bxe2 16. Ndxe2 Qa5 17. Kb1 Qb4 18. Bd4 Rfe8 19. Rh4 a5 20. Rdh1 h5 21.
a3 Qc4 22. Nd1 Qc6 23. Nf2 Red8 24. Bc3 b6 25. Nd4 Qb7 26. Rg1 e5 27. Nf5 gxf5
28. Rxg7+ Kxg7 29. Qg5+ Kf8 30. Qxf6 Ke8 31. Rxh5 Qe7 32. Qxf5 Qe6 33. Qf3 Ke7
34. Bd2 Rh8 35. Rf5 f6 36. Nd1 Rh2 37. Bc3 Rg8 38. b3 Rg1 39. Kb2 a4 40. Ne3
Qxb3# 0-1

[Event "Quebec-ch U16"]
[Site "Montreal CAN"]
[Date "2003.03.08"]
[Round "3"]
[White "Obartel, Jacques"]
[Black "Masaidov, Ibrahim"]
[Result "1-0"]
[WhiteElo "1615"]
[BlackElo "1432"]
[PlyCount "61"]
[EventDate "2003.03.07"]
[EventType "swiss"]
[EventRounds "5"]
[EventCountry "CAN"]

1. d4 d5 2. c4 e6 3. Nf3 Nf6 4. Nc3 Nbd7 5. e3 b6 6. cxd5 exd5 7. Bd3 c5 8. O-O
Be7 9. Ne5 Bd6 10. f4 O-O 11. Bd2 a6 12. Qf3 Bb7 13. Qh3 Ne4 14. Bxe4 dxe4 15.
Qxd7 Bxe5 16. Qxb7 Bf6 17. Qxe4 cxd4 18. Nd5 dxe3 19. Nxf6+ Qxf6 20. Bc3 Qd8
21. Qxe3 Re8 22. Qg3 f6 23. Rad1 Qc7 24. Rfe1 Qc5+ 25. Kh1 Rf8 26. Rd7 Rf7 27.
Qf3 Rc8 28. Rd5 Qc4 29. a3 a5 30. h3 b5 31. Bxa5 1-0

[Event "Quebec-ch U16"]
[Site "Montreal CAN"]
[Date "2003.03.09"]
[Round "4"]
[White "Malek, Omid"]
[Black "Obartel, Jacques"]
[Result "1/2-1/2"]
[WhiteElo "1641"]
[BlackElo "1615"]
[PlyCount "77"]
[EventDate "2003.03.07"]
[EventType "swiss"]
[EventRounds "5"]
[EventCountry "CAN"]

1. e4 e6 2. d4 d5 3. Nc3 Nf6 4. Bg5 dxe4 5. Nxe4 Be7 6. Bxf6 Bxf6 7. Nf3 Nd7 8.
c3 b6 9. Bd3 Bb7 10. Qe2 Qe7 11. O-O-O O-O-O 12. Ba6 c5 13. Rhe1 cxd4 14. Nxf6
Nxf6 15. Nxd4 Bxa6 16. Qxa6+ Qb7 17. Qa4 Rd7 18. Nb5 Nd5 19. Qa3 Rhd8 20. Rd4
a6 21. Rc4+ Kb8 22. Nd4 Ne7 23. Qb3 b5 24. Rc5 Qb6 25. Rg5 g6 26. a4 Rd5 27.
Rxd5 Rxd5 28. axb5 axb5 29. Kc2 Nf5 30. Re4 Nxd4+ 31. Rxd4 Qc5 32. Rxd5 exd5
33. Kb1 Kb7 34. Qd1 Kc6 35. Qf3 Qe7 36. Kc2 f5 37. Kd2 h6 38. Qe3 Qxe3+ 39.
Kxe3 1/2-1/2

[Event "Quebec-ch U16"]
[Site "Montreal CAN"]
[Date "2003.03.09"]
[Round "4"]
[White "Masaidov, Ibrahim"]
[Black "Lemire-Paquin, Alexandre"]
[Result "0-1"]
[WhiteElo "1432"]
[BlackElo "1651"]
[PlyCount "62"]
[EventDate "2003.03.07"]
[EventType "swiss"]
[EventRounds "5"]
[EventCountry "CAN"]

1. e4 e5 2. Nf3 Nc6 3. Bc4 Nf6 4. d4 exd4 5. O-O Nxe4 6. Re1 d5 7. Bxd5 Qxd5 8.
Nc3 Qd8 9. Rxe4+ Be7 10. Nxd4 O-O 11. Nxc6 bxc6 12. Rd4 Qe8 13. Bf4 Bd8 14. Re4
Be6 15. Qf3 f5 16. Re3 g5 17. Be5 g4 18. Qg3 Qf7 19. h3 Bc8 20. f4 h5 21. Kf2
h4 22. Qh2 g3+ 23. Rxg3+ hxg3+ 24. Qxg3+ Kh7 25. Qd3 a5 26. g4 Bh4+ 27. Ke3 Ba6
28. Qd1 Rad8 29. Qf3 Qc4 30. Ne2 Qc5+ 31. Nd4 Rxd4 0-1

[Event "Quebec-ch U16"]
[Site "Montreal CAN"]
[Date "2003.03.09"]
[Round "5"]
[White "Malek, Omid"]
[Black "Masaidov, Ibrahim"]
[Result "1-0"]
[WhiteElo "1641"]
[BlackElo "1432"]
[PlyCount "121"]
[EventDate "2003.03.07"]
[EventType "swiss"]
[EventRounds "5"]
[EventCountry "CAN"]

1. e4 e5 2. Nf3 Nc6 3. Bb5 a6 4. Ba4 Nf6 5. O-O Be7 6. Re1 b5 7. Bb3 d6 8. c3
O-O 9. d4 Bg4 10. Bc2 Bxf3 11. gxf3 Nh5 12. Kh1 Bg5 13. d5 Bxc1 14. Qxc1 Na7
15. Rg1 Nf4 16. Qe3 Nc8 17. a4 Rb8 18. axb5 axb5 19. Nd2 Nb6 20. b3 Ra8 21.
Rxa8 Qxa8 22. Bd3 Qb8 23. Ra1 Nd7 24. Bf1 Nc5 25. Ra5 b4 26. Rb5 Qc8 27. Rxb4
g6 28. Rb5 f5 29. b4 Nd7 30. c4 c5 31. dxc6 Qxc6 32. Kg1 Ne6 33. Nb3 f4 34. Qd3
Kf7 35. Rd5 Ke7 36. Qd1 Nb6 37. Rd2 Ra8 38. Rc2 Ra4 39. Qd2 Nd4 40. Nxd4 exd4
41. c5 dxc5 42. bxc5 Nd7 43. Qxf4 Ra3 44. Qd2 Ra4 45. Qg5+ Nf6 46. e5 Qxf3 47.
Qxf6+ Qxf6 48. exf6+ Kxf6 49. c6 Ke7 50. c7 Ra8 51. c8=Q Rxc8 52. Rxc8 Kd7 53.
Rc4 Ke6 54. Rxd4 Kf6 55. Re4 Kg5 56. Be2 h5 57. f4+ Kf6 58. Re5 Kg7 59. Rg5 Kf6
60. Bd3 Kf7 61. Bxg6+ 1-0

[Event "Quebec-ch U16"]
[Site "Montreal CAN"]
[Date "2003.03.09"]
[Round "5"]
[White "Obartel, Jacques"]
[Black "Lemire-Paquin, Alexandre"]
[Result "0-1"]
[WhiteElo "1615"]
[BlackElo "1651"]
[PlyCount "132"]
[EventDate "2003.03.07"]
[EventType "swiss"]
[EventRounds "5"]
[EventCountry "CAN"]

1. e4 c5 2. Nf3 Nc6 3. d4 cxd4 4. Nxd4 Nf6 5. Nc3 e5 6. Ndb5 d6 7. Bg5 a6 8.
Na3 b5 9. Bxf6 gxf6 10. Nd5 f5 11. Bd3 Be6 12. O-O f4 13. c3 Rg8 14. Kh1 Rc8
15. f3 Rg6 16. Qe1 Be7 17. Rg1 Bh4 18. g3 fxg3 19. hxg3 Bxg3 20. Qxg3 Rxg3 21.
Rxg3 f5 22. Kg2 Kf8 23. Kf2 Qh4 24. exf5 Bxd5 25. Rag1 Qf4 26. Nb1 Ne7 27. f6
Qxf6 28. Bxh7 Qf4 29. Ke2 Nf5 30. Bxf5 Qxf5 31. Nd2 Qh7 32. Rg6 Kf7 33. R6g4
Kf6 34. Ne4+ Bxe4 35. fxe4 Qh5 36. Ke3 b4 37. Kd2 bxc3+ 38. bxc3 Qh6+ 39. Kd3
Rc7 40. Rf1+ Ke6 41. Rfg1 Kd7 42. Rg6 Qf4 43. Rg7+ Kc8 44. Rxc7+ Kxc7 45. Re1
Kc6 46. Re2 Kc5 47. Re3 Qf1+ 48. Re2 a5 49. Ke3 Kc4 50. Kd2 Qa1 51. Ke3 Kxc3
52. Kf2 Qc1 53. Kf3 Kd4 54. a4 Qf4+ 55. Kg2 Qxe4+ 56. Rxe4+ Kxe4 57. Kf2 Kd3
58. Ke1 e4 59. Kd1 e3 60. Ke1 e2 61. Kf2 Kd2 62. Kf3 e1=Q 63. Kg2 Qe3 64. Kh1
Qe2 65. Kg1 Ke3 66. Kh1 Kf3 0-1

[Event "Quebec-ch U18"]
[Site "Montreal CAN"]
[Date "2003.03.07"]
[Round "1"]
[White "Hua, Lethyn"]
[Black "Ouellet-Leveille, Clement"]
[Result "1/2-1/2"]
[WhiteElo "1749"]
[BlackElo "1859"]
[PlyCount "20"]
[EventDate "2003.03.07"]
[EventType "tourn"]
[EventRounds "3"]
[EventCountry "CAN"]

1. e4 e5 2. Nf3 Nf6 3. Nc3 Nc6 4. d4 exd4 5. Nxd4 Bb4 6. Nxc6 dxc6 7. Qxd8+
Kxd8 8. Bg5 h6 9. Bxf6+ gxf6 10. O-O-O+ Ke7 1/2-1/2

[Event "Quebec-ch U18"]
[Site "Montreal CAN"]
[Date "2003.03.07"]
[Round "1"]
[White "Khodjimatov, Sherzod"]
[Black "McAlpin, John-Francis"]
[Result "1/2-1/2"]
[WhiteElo "2059"]
[BlackElo "1976"]
[PlyCount "53"]
[EventDate "2003.03.07"]
[EventType "tourn"]
[EventRounds "3"]
[EventCountry "CAN"]

1. e4 c5 2. Nc3 d6 3. g3 g6 4. Bg2 Bg7 5. Nge2 e6 6. O-O Ne7 7. d4 cxd4 8. Nxd4
a6 9. a4 O-O 10. Be3 Nbc6 11. Nxc6 Nxc6 12. f4 Qc7 13. Qd2 Na5 14. Qf2 Nc4 15.
Bd4 Bxd4 16. Qxd4 Nxb2 17. e5 d5 18. Nxd5 exd5 19. Qxb2 Bf5 20. Qd4 Rfd8 21.
Rfc1 Rac8 22. Rab1 Rd7 23. Rb4 Qc5 24. c3 a5 25. Qxc5 Rxc5 26. Rd4 Be6 27. Kf2
1/2-1/2

[Event "Quebec-ch U18"]
[Site "Montreal CAN"]
[Date "2003.03.08"]
[Round "2"]
[White "Ouellet-Leveille, Clement"]
[Black "Khodjimatov, Sherzod"]
[Result "1/2-1/2"]
[WhiteElo "2059"]
[BlackElo "1859"]
[PlyCount "64"]
[EventDate "2003.03.07"]
[EventType "tourn"]
[EventRounds "3"]
[EventCountry "CAN"]

1. e4 c6 2. Nc3 d5 3. Qf3 e6 4. d4 dxe4 5. Nxe4 Qxd4 6. Bd2 Nf6 7. Nc3 Be7 8.
O-O-O O-O 9. Bf4 Qc5 10. Be2 Nbd7 11. Qg3 Re8 12. h4 b5 13. h5 b4 14. Bh6 Bf8
15. Bxg7 Bxg7 16. h6 Qf8 17. Nb1 Ne4 18. hxg7 Qxg7 19. Qe3 Qg5 20. f4 Qg6 21.
Bh5 Qf5 22. g4 Qc5 23. Qxe4 Nf6 24. Qd4 Qxd4 25. Rxd4 c5 26. Rd3 Bb7 27. Rh2 e5
28. g5 c4 29. Re3 Nxh5 30. Rxh5 exf4 31. Rxe8+ Rxe8 32. Kd2 f3 1/2-1/2

[Event "Quebec-ch U18"]
[Site "Montreal CAN"]
[Date "2003.03.09"]
[Round "3"]
[White "Hua, Lethyn"]
[Black "Khodjimatov, Sherzod"]
[Result "0-1"]
[WhiteElo "1703"]
[BlackElo "2059"]
[PlyCount "42"]
[EventDate "2003.03.07"]
[EventType "tourn"]
[EventRounds "3"]
[EventCountry "CAN"]

1. e4 c6 2. d4 d5 3. exd5 cxd5 4. c4 Nf6 5. Nc3 Nc6 6. Nf3 Bg4 7. cxd5 Nxd5 8.
Bc4 e6 9. Be3 Bb4 10. Rc1 Qa5 11. Qd2 Rd8 12. Bxd5 Rxd5 13. a3 Bxc3 14. Rxc3
O-O 15. Rc5 Qd8 16. Ng5 Rd7 17. Rc4 e5 18. Qc2 g6 19. O-O Nxd4 20. Qe4 Ne2+ 21.
Kh1 Rd1 0-1

[Event "Quebec-ch U18"]
[Site "Montreal CAN"]
[Date "2003.03.09"]
[Round "3"]
[White "Ouellet-Leveille, Clement"]
[Black "McAlpin, John-Francis"]
[Result "1-0"]
[WhiteElo "1859"]
[BlackElo "1909"]
[PlyCount "95"]
[EventDate "2003.03.07"]
[EventType "tourn"]
[EventRounds "3"]
[EventCountry "CAN"]

1. e4 c5 2. b3 d6 3. Bb2 Nf6 4. Nc3 g6 5. Bb5+ Bd7 6. Bxd7+ Qxd7 7. Nd5 Bg7 8.
Qf3 Nh5 9. Bxg7 Nxg7 10. Ne2 Nc6 11. O-O-O O-O 12. d4 cxd4 13. Nxd4 Rac8 14.
Rhe1 f5 15. Nxc6 Rxc6 16. e5 Ne6 17. Qe2 Re8 18. Qd2 Kg7 19. exd6 Rxd6 20. Qc3+
Kg8 21. Nb4 Rd8 22. Nd3 Rc8 23. Qe5 Rc7 24. Nf4 Qc8 25. c4 Nxf4 26. Qxf4 b5 27.
Rxd6 exd6 28. Qh4 bxc4 29. b4 Rd7 30. Qf6 Rf7 31. Qd4 d5 32. Re5 Rd7 33. a3 Qc7
34. Re8+ Kf7 35. Qh8 Qd6 36. Qg8+ Kf6 37. h4 Qf4+ 38. Kb1 Qxh4 39. Qe6+ Kg5 40.
Qxd7 Qh1+ 41. Kc2 Qxg2 42. Qe7+ Kg4 43. Qxa7 Qf1 44. Qd4+ Kg5 45. Qxd5 h5 46.
Qd2+ Kh4 47. Qf4+ Kh3 48. Qg3# 1-0

[Event "Quebec-ch U18 playoff"]
[Site "Montreal CAN"]
[Date "2003.03.09"]
[Round "1"]
[White "Ouellet-Leveille, Clement"]
[Black "Khodjimatov, Sherzod"]
[Result "1-0"]
[WhiteElo "1859"]
[BlackElo "2059"]
[PlyCount "105"]
[EventDate "2003.03.09"]
[EventType "match"]
[EventRounds "1"]
[EventCountry "CAN"]

1. e4 c6 2. Nc3 d5 3. Qf3 e6 4. exd5 exd5 5. d4 Bd6 6. Bd3 Qf6 7. Qe2+ Ne7 8.
Nf3 Bg4 9. Be3 O-O 10. h4 Nf5 11. O-O-O Re8 12. Bxf5 Qxf5 13. Qd3 Qxd3 14. Rxd3
f6 15. Na4 Nd7 16. b3 Bf5 17. Rd2 b5 18. Nc5 Bg4 19. Ne1 Bxc5 20. dxc5 Bf5 21.
Nd3 Bxd3 22. cxd3 f5 23. Bd4 a5 24. a3 Re7 25. Rh3 Re1+ 26. Kc2 Rae8 27. Re3
R8xe3 28. fxe3 Nf8 29. Rf2 g6 30. Kd2 Rb1 31. Kc2 Rh1 32. Bc3 Rxh4 33. Bxa5 Nd7
34. d4 Re4 35. Kd3 Re8 36. Bc7 Nf6 37. a4 Ng4 38. Re2 Rc8 39. Bf4 bxa4 40. bxa4
Ra8 41. Ra2 Kf8 42. a5 Ra6 43. Bc7 Ke7 44. Ke2 Kd7 45. Bb6 Kc8 46. Ra1 Kb7 47.
Rh1 h6 48. Rb1 Kc8 49. e4 dxe4 50. d5 cxd5 51. c6 d4 52. Rb5 f4 53. Rd5 1-0

[Event "Quebec-ch U20"]
[Site "Montreal CAN"]
[Date "2003.05.09"]
[Round "1"]
[White "Audet-Bouchard, Nicolas"]
[Black "Laframboise, Marc-Andre"]
[Result "0-1"]
[WhiteElo "2098"]
[BlackElo "2115"]
[PlyCount "80"]
[EventDate "2003.05.09"]
[EventType "tourn"]
[EventRounds "5"]
[EventCountry "CAN"]

1. e4 g6 2. d4 Bg7 3. Nc3 c6 4. Be3 Qb6 5. Qd2 Qxb2 6. Rb1 Qa3 7. Bc4 Qa5 8.
Nf3 d6 9. O-O e6 10. Bf4 Qc7 11. d5 e5 12. dxc6 bxc6 13. Bg3 Bh6 14. Qd3 Nd7
15. Rfd1 Bf8 16. Nd5 Qa5 17. Ng5 f6 18. Nc7+ Qxc7 19. Bf7+ Ke7 20. Ne6 Qa5 21.
Bxg8 Rxg8 22. Qxd6+ Kf7 23. Qxc6 Nb6 24. Nc7 Rb8 25. Rb5 Qa3 26. Qe8+ Kg7 27.
Rxe5 Bd6 28. Ne6+ Bxe6 29. Qxe6 Bxe5 30. Bxe5 fxe5 31. Qxe5+ Kh6 32. Qf4+ g5
33. Qg4 Qe7 34. h4 gxh4 35. Qf4+ Kg7 36. e5 Rbe8 37. e6 Qxe6 38. Qxh4 Kh8 39.
Qd4+ Qe5 40. Qa4 Nxa4 0-1

[Event "Quebec-ch U20"]
[Site "Montreal CAN"]
[Date "2003.05.10"]
[Round "2"]
[White "Feoktistov, Dmitri"]
[Black "Tomb, Maroun"]
[Result "1-0"]
[WhiteElo "2304"]
[BlackElo "2125"]
[PlyCount "93"]
[EventDate "2003.05.09"]
[EventType "tourn"]
[EventRounds "5"]
[EventCountry "CAN"]

1. d4 c5 2. d5 e5 3. e4 d6 4. Nc3 Be7 5. Nf3 a6 6. a4 Bg4 7. b3 Bxf3 8. Qxf3
Bg5 9. Bb2 b6 10. Bd3 Qf6 11. Qe2 h5 12. O-O Qh6 13. a5 b5 14. Bxb5+ Kd8 15.
Bd3 Ne7 16. Ba3 Ng6 17. g3 h4 18. Nd1 Nd7 19. b4 cxb4 20. Bxb4 Ke7 21. c4 Nf6
22. Ra2 Rab8 23. Rb2 Bc1 24. Bxd6+ Kxd6 25. c5+ Kd7 26. Rb6 Qd2 27. Bb5+ axb5
28. Qxb5+ Ke7 29. Rxb8 Rxb8 30. Qxb8 Nxe4 31. Qc7+ Kf6 32. Qd8+ Ne7 33. d6 Ng5
34. Qxe7+ Kg6 35. Qb7 e4 36. Ne3 Qe2 37. Rxc1 Qf3 38. Qd7 Kh6 39. Qf5 Qe2 40.
Qg4 Nf3+ 41. Kh1 g6 42. Qh3 Kh7 43. Qf1 Qb2 44. d7 hxg3 45. hxg3 Qf6 46. Qh3+
Kg7 47. Qh6+ 1-0

[Event "Quebec-ch U20"]
[Site "Montreal CAN"]
[Date "2003.05.10"]
[Round "3"]
[White "Audet-Bouchard, Nicolas"]
[Black "Feoktistov, Dmitri"]
[Result "0-1"]
[WhiteElo "2098"]
[BlackElo "2304"]
[PlyCount "56"]
[EventDate "2003.05.09"]
[EventType "tourn"]
[EventRounds "5"]
[EventCountry "CAN"]

1. e4 c6 2. d4 d5 3. e5 Bf5 4. Nf3 e6 5. Be2 Nd7 6. O-O Ne7 7. b3 c5 8. Bb2 Nc6
9. c4 dxc4 10. Bxc4 cxd4 11. Nxd4 Nxd4 12. Qxd4 Bc5 13. Qf4 O-O 14. Rd1 Qe7 15.
Nc3 a6 16. Ne4 Bxe4 17. Qxe4 Nb6 18. Bd3 g6 19. Rac1 Rfd8 20. Qf3 Rd7 21. Be4
Rad8 22. g3 Rd2 23. Rxd2 Rxd2 24. Qc3 Bxf2+ 25. Kf1 Qd7 26. Bxb7 Qb5+ 27. Kg2
Be1+ 28. Kh3 Qf1+ 0-1

[Event "Quebec-ch U20"]
[Site "Montreal CAN"]
[Date "2003.05.10"]
[Round "3"]
[White "Tomb, Maroun"]
[Black "Laframboise, Marc-Andre"]
[Result "1-0"]
[WhiteElo "2104"]
[BlackElo "2115"]
[PlyCount "55"]
[EventDate "2003.05.09"]
[EventType "tourn"]
[EventRounds "5"]
[EventCountry "CAN"]

1. e4 g6 2. c4 Bg7 3. Nc3 d6 4. d4 Nf6 5. f3 O-O 6. Be3 Nbd7 7. Qd2 c5 8. d5
Ne5 9. Bh6 Bxh6 10. Qxh6 Qb6 11. Qd2 Qb4 12. b3 Nh5 13. Rc1 Ng7 14. f4 Nd7 15.
Bd3 e5 16. Nf3 f5 17. O-O Qb6 18. Rce1 fxe4 19. Rxe4 Nf6 20. Ree1 exf4 21. Ng5
Nfh5 22. Ne6 Re8 23. Nxg7 Rxe1 24. Rxe1 Nxg7 25. Qxf4 Bf5 26. Bxf5 Nxf5 27. g4
Nd4 28. Re7 1-0

[Event "Quebec-ch U20"]
[Site "Montreal CAN"]
[Date "2003.05.11"]
[Round "4"]
[White "Feoktistov, Dmitri"]
[Black "Laframboise, Marc-Andre"]
[Result "1/2-1/2"]
[WhiteElo "2304"]
[BlackElo "2115"]
[PlyCount "101"]
[EventDate "2003.05.09"]
[EventType "tourn"]
[EventRounds "5"]
[EventCountry "CAN"]

1. d4 d5 2. c4 c6 3. Nc3 Nf6 4. Nf3 e6 5. Bg5 dxc4 6. e4 b5 7. e5 h6 8. Bh4 g5
9. Nxg5 hxg5 10. Bxg5 Nbd7 11. g3 Qb6 12. exf6 Bb7 13. Bg2 O-O-O 14. O-O c5 15.
d5 b4 16. Na4 Qb5 17. Re1 exd5 18. Bxd5 Bxd5 19. Qxd5 Qxa4 20. Qxf7 Bh6 21.
Bxh6 Rxh6 22. Re6 Qc2 23. Qe7 Qxb2 24. Rc6+ Kb7 25. Rd1 Kxc6 26. Qxd8 Qxf6 27.
Qxd7+ Kb6 28. a4 Qc6 29. Qd8+ Ka6 30. Qg8 c3 31. Qc4+ Kb7 32. Qf7+ Kb6 33. Rd8
c4 34. Qf5 Rd6 35. Rxd6 Qxd6 36. Qb5+ Kc7 37. Qxc4+ Qc6 38. Qxb4 c2 39. Qf4+
Kb6 40. Qc1 Qc4 41. h4 Qb3 42. Kh2 Qb1 43. Qe3+ Ka6 44. Qd3+ Ka5 45. Qc3+ Kxa4
46. Qc4+ Ka3 47. Qc5+ Kb3 48. Qe3+ Kb2 49. Qe5+ Ka2 50. Qa5+ Kb2 51. Qb4+
1/2-1/2

[Event "Quebec-ch U20"]
[Site "Montreal CAN"]
[Date "2003.05.11"]
[Round "5"]
[White "Tomb, Maroun"]
[Black "Audet-Bouchard, Nicolas"]
[Result "1/2-1/2"]
[WhiteElo "2104"]
[BlackElo "2098"]
[PlyCount "103"]
[EventDate "2003.05.09"]
[EventType "tourn"]
[EventRounds "5"]
[EventCountry "CAN"]

1. c4 Nf6 2. Nc3 c5 3. g3 d5 4. cxd5 Nxd5 5. Bg2 Nxc3 6. dxc3 Qxd1+ 7. Kxd1 e5
8. e4 Nc6 9. Be3 Be6 10. Nf3 Be7 11. Nd2 Rd8 12. f3 h6 13. Kc2 Bg5 14. f4 exf4
15. gxf4 Be7 16. Rhg1 f6 17. a4 g5 18. Rae1 Rd7 19. e5 fxe5 20. Bxc6 bxc6 21.
fxe5 c4 22. Rgf1 Rf8 23. Rxf8+ Bxf8 24. Rf1 Bd5 25. Rf2 a6 26. h4 gxh4 27. Rh2
Be7 28. Bxh6 Kf7 29. Rf2+ Kg6 30. Bf4 Bc5 31. Re2 Kf5 32. Bh2 Re7 33. b3 cxb3+
34. Nxb3 Ba7 35. Nd2 Rg7 36. e6 Re7 37. Re5+ Kg4 38. c4 Bxe6 39. Kc3 Kh3 40.
Bf4 Re8 41. c5 Bf7 42. Rf5 Bd5 43. Bd6 Rg8 44. Nf1 Rg4 45. Ne3 Rxa4 46. Nxd5
cxd5 47. Rxd5 Kg2 48. c6 Bb6 49. c7 Bxc7 50. Bxc7 h3 51. Rd2+ Kf3 52. Rd3+
1/2-1/2